000 00737nam a2200241Ia 4500
003 OSt
005 20220918182241.0
006 a|||||r|||| 00| 0
007 ta
008 220917b |||||||| |||| 00| 0 eng d
024 _a31,444
037 _cTextual
040 _aARTS
_cARTS
_beng
041 _2eng
_aeng
082 _aO111,3M82,PA:g, K8
100 _aSchutte William M Ed.
_959914
245 0 _aPortrait of the artist as a young man
_b A collection of critical essays ed. by William M. Schutte
260 _aNew Jersey
_bPrentice Hall USA
_c1968
300 _a124p.
_ccm.
650 _aENGLISH LITERATURE
942 _hO111,3M82,PA:g, K8
_cTEXL
_2CC
999 _c168290
_d168290